000 00441nam a22001697a 4500
005 20251108165443.0
008 250721s1959 xx 000 0 ara d
082 1 4 _a955/محم
100 1 _aالعابدي، محمود
245 1 0 _aإيران من كفاح إلى نجاح /
264 1 _aعمان :
_c1959.
300 _a97ص : مص
650 1 7 _aإيران
650 1 7 _aتاريخ إيران
942 _2ddc
_cBK
999 _c28290
_d28290